Estadísticas para Historia por Letra - I

Haz click aquí para intentar la prueba.

Estadísticas generales

  • Esta prueba ha sido intentada 3.432 veces
    (3.400 desde el último reinicio)
  • La puntuación promedio es 10 de 15

Estadísticas de respuestas

PistaRespuesta% Correcto
La civilización que construyó Machu PicchuIncas
99%
Su matrimonio con Fernando unió a EspañaIsabel
91%
La religión que fue fundada en el año 622 d.C.Islam
88%
Poema épico atribuido a HomeroLa Ilíada
88%
El país que una vez fue llamado las Indias Orientales NeerlandesasIndonesia
79%
Institución católica que se usó para procesar a los herejesInquisición
79%
El país que tuvo una hambruna de papas en el siglo XIXIrlanda
78%
"Revolución" que comenzó en Gran Bretaña alrededor de 1760Revolución {Industrial}
76%
País que se estableció por primera vez en el 874 d.C.Islandia
61%
El zar ruso cuyo reinado fue testigo de la conquista de SiberiaIván el Terrible
59%
El título español para un príncipeInfante
58%
Nombre utilizado por 13 Papas "sin culpa"Inocencio
40%
Palabra árabe que significa levantamiento. Palestina ha tenido dosIntifada
30%
Unidad de élite de 10.000 soldados persasInmortales
18%
Confederación de seis tribus nativas americanas del noresteIroqués
16%

Distribución de puntuación

Porcentaje por número respondido

Porcentaje de gente con cada puntuación

Historial de tus puntuaciones

No has intentado esta prueba desde el último reinicio